000 00505nam a22001577a 4500
003 NUST
038 _aNusrat Nadeem
082 _a200
100 _aRahim, Naira
_9130492
245 _aAI Enhanced Localization of Vocational Training for Pakistan/
_cNaira Rahim,
264 _aIslamabad:
_bSEECS NUST.
_c2025.
650 _aMS- Artificial Intelligence
_9124951
700 _aSupervisor: Dr. Fahad Ahmed Satti
_9127204
856 _uhttp://10.250.8.41:8080/xmlui/handle/123456789/54379
942 _2ddc
_cSC
999 _c614688
_d614688